000 00977nam a2200265Ia 4500
003 OSt
005 20221005104700.0
006 a|||||r|||| 00| 0
007 ta
008 221004b |||||||| |||| 00| 0 hin d
020 _a9789380651507 (hbk)
_c250
024 _a13873
037 _b77, 22/03/2014, Motilal Banarsidass Publishers Pvt. Ltd.
_cTextual
040 _aCRL
_cCRL
_bhin
041 _2hin
_ahin
082 _aP152,A:3, 152Q3
100 _aमिश्र, मधुसूदन
245 0 _aवैदिक महाव्याकरण
246 _aVaidik mahāvyākaraṇa
260 _aदिल्ली
_bविद्यानिधि प्रकाशन भारत
_c2013
300 _a182पृ0
_ccm.
650 _aहिन्दी भाषा
942 _hP152,A:3, 152Q3
_cTEXL
_2cc
999 _c1013486
_d1013486